|
|
|
|
| LEADER |
00000nab a2200000 a 4500 |
| 001 |
vtls011110462 |
| 003 |
SK-MaSNL |
| 005 |
20260303150422.0 |
| 008 |
230222|2007 xo |||||||||||||||||slo| |
| 015 |
|
|
|a SNBRB
|
| 035 |
|
|
|a (uuid)d97a4e22-1cd6-455c-836a-038be2846115
|
| 035 |
|
|
|a (urnnbn)urn:nbn:sk:snk:ar-a08e7g
|
| 035 |
|
|
|a urn:nbn:sk:snk-ab9gyu
|
| 040 |
|
|
|a SNKBUCL
|b slo
|c SNKBUCL
|e AACR2
|
| 041 |
0 |
|
|a slo
|
| 044 |
|
|
|a xo
|c SK
|
| 100 |
1 |
|
|a Jedlička, Milan,
|d 1947-2008
|4 aut
|9 200753
|
| 245 |
1 |
0 |
|a FORMOVANIE MARKETINGOVEJ STRATÉGIE
|c Milan Jedlička
|
| 246 |
3 |
|
|a FORMING OF MARKETING STRATEGY
|
| 773 |
0 |
|
|t Vedecké práce Materiálovotechnologickej fakulty Slovenskej technickej univerzity v Bratislave so sídlom v Trnave
|g Č. 22 (2007), s. 61-66
|
| 954 |
|
|
|a odborná, vedecká literatúra pôvodná (slovenská)
|2 lita
|
| 958 |
|
|
|a OND
|
| 958 |
|
|
|a EUIPO
|
| 958 |
|
|
|a article13
|
| 999 |
|
|
|c 2010517
|d 2012447
|